| 000 | 00466nam a2200181Ia 4500 | ||
|---|---|---|---|
| 001 | 63478 | ||
| 008 | 150108s9999 xx 000 0 und d | ||
| 020 | _a9789331319883 | ||
| 040 | _cPK-LaUMT | ||
| 082 |
_a 307.12 _bSIN-R |
||
| 100 | _aSingh, Sita Ram | ||
| 245 |
_aRural development _cSingh, Sita Ram |
||
| 260 |
_aNew Delhi,India: _bAPH Publishing Corporation, _c2013 |
||
| 300 | _a218 p. | ||
| 546 | _aEN | ||
| 650 | _aRural development - India | ||
| 942 | _cBK | ||
| 999 |
_c64082 _d64082 |
||